000 00336nam a22001337a 4500
020 _qPB.
040 _cFIZZA ISHAQ
082 _a624.13
_bBRA
100 _aDAS, M. BRAJA.
_989498
245 _aGEOTECHNICAL ENGINEERING /
_cBRAJA M. DAS.
260 _aNEW DEHLI ;
_bCENGAGE,
_c2017.
300 _a774 P. ;
942 _2ddc
_cBK
999 _c588220
_d588220